| 000 | 00782nam a2200217 a 4500 | ||
|---|---|---|---|
| 005 | 20210223130231.0 | ||
| 008 | 070821s1991 mx r 000 0 spa d | ||
| 020 | _a8476583052 | ||
| 035 | _aUPN01000151109 | ||
| 049 | _aCG | ||
| 050 | 4 |
_aB3279 H4.6 _bL6 |
|
| 100 | 1 |
_aHeidegger, Martin, _d1889-1976 |
|
| 245 | 1 | 0 |
_aLógica : _blecciones de M. Heidegger (semestre verano 1934) en el legado de Helene Weiss / _cintrod. y tr. de Víctor Farías. |
| 260 |
_aBarcelona, Esp. : _bAnthropos : _bMEC, _c1991. |
||
| 300 | _a135 p. | ||
| 440 | 0 |
_aTextos y documentos. _pClásicos del pensamiento y de las ciencias ; _v12 |
|
| 600 | 1 | 4 |
_aHEIDEGGER, MARTIN, _d1889-1976 - _vSELECCIONES, EXTRACTOS, ETC. _910485 |
| 650 | 4 | _aLOGICA MODERNA | |
| 700 | 1 |
_aWeiss, Helene, _ecomp. |
|
| 905 | _aLibro | ||
| 999 |
_c123249 _d123249 |
||